[Event "5th IT Lukavac 2016"]
[Site "Lukavac"]
[Date "2016.11.25"]
[Round "2.27"]
[White "Sabanagic, Mirza"]
[Black "Nezirovic, Ozren"]
[Result "0-1"]
[WhiteElo "1596"]
[BlackElo "2039"]
[PlyCount "26"]
[EventDate "2016.11.24"]

1. e4 e5 2. Nf3 Nc6 3. d4 exd4 4. Nxd4 Qh4 5. Nc3 Bb4 6. Qd3 Nf6 7. Nf5 Qxe4+
8. Qxe4+ Nxe4 9. Bd2 Nxd2 10. Kxd2 O-O 11. Bc4 d5 12. Bd3 Bxf5 13. Bxf5 d4 0-1

[Event "5th IT Lukavac 2016"]
[Site "Lukavac"]
[Date "2016.11.25"]
[Round "2.28"]
[White "Hutinovic, Halim"]
[Black "Mujcinovic, Muharem"]
[Result "1/2-1/2"]
[WhiteElo "2019"]
[BlackElo "1780"]
[PlyCount "134"]
[EventDate "2016.11.24"]

1. Nf3 d5 2. d4 Nf6 3. c4 e6 4. Nc3 Be7 5. Bf4 c6 6. e3 Nh5 7. Be5 Nd7 8. Bd3
Nxe5 9. Nxe5 g6 10. c5 Ng7 11. O-O f6 12. Nf3 e5 13. dxe5 Bxc5 14. exf6 Qxf6
15. e4 Be6 16. exd5 cxd5 17. Qa4+ Kf7 18. Rae1 Rhe8 19. Nxd5 Bxd5 20. Qd7+ Kf8
21. Qxd5 Qc6 22. Qb3 Qb6 23. Rxe8+ Rxe8 24. Bb5 Re7 25. Ng5 Nf5 26. Qa4 a6 27.
Bc4 Qf6 28. Nf3 b5 29. Bxb5 axb5 30. Qxb5 Qb6 31. Qc4 Nd6 32. Qf4+ Kg7 33. Qh4
Nf5 34. Qc4 Rc7 35. Qf4 Bd6 36. Qd2 Qc5 37. a3 Rd7 38. Kh1 Re7 39. b4 Qc4 40.
Kg1 Re2 41. Qd1 Ra2 42. Qa4 Kh6 43. Rd1 Bf8 44. Qa5 Qe2 45. Rf1 Be7 46. Qc7 Bd6
47. Qd8 Rxa3 48. Re1 Qb2 49. h4 Ra1 50. g4 Rxe1+ 51. Nxe1 Qd2 52. Qg5+ Qxg5 53.
hxg5+ Kxg5 54. gxf5 Bxb4 55. fxg6 hxg6 56. Nd3 Ba5 57. Kg2 Bc7 58. f3 Kf5 59.
Kh3 Bd6 60. Nf2 Be5 61. Kg2 Bc7 62. Nh3 Bb8 63. Kf1 Bc7 64. Ke2 g5 65. Nf2 Bd6
66. Ne4 Bh2 67. Ke3 Bf4+ 1/2-1/2

[Event "5th IT Lukavac 2016"]
[Site "Lukavac"]
[Date "2016.11.25"]
[Round "2.29"]
[White "Sinanovic, Ermin"]
[Black "Mutapcic, Nijaz"]
[Result "1-0"]
[WhiteElo "2016"]
[BlackElo "1710"]
[PlyCount "81"]
[EventDate "2016.11.24"]

1. e4 d6 2. d4 Nf6 3. Nc3 Bg4 4. f3 Bh5 5. Be3 Nbd7 6. g4 Bg6 7. g5 Nh5 8. f4
e5 9. f5 Nf4 10. Bxf4 exf4 11. fxg6 Qxg5 12. gxf7+ Kxf7 13. Nf3 Qe7 14. Qd2 g5
15. O-O-O c6 16. h4 Bh6 17. hxg5 Bxg5 18. e5 h6 19. exd6 Qe3 20. Bc4+ Kg7 21.
Qxe3 fxe3 22. Nxg5 hxg5 23. Rxh8 Rxh8 24. Rg1 Nb6 25. Bd3 Rh5 26. Ne4 Kh6 27.
Nf6 Rh4 28. c3 Kg7 29. d7 Nxd7 30. Nxd7 Kf7 31. Ne5+ Kf6 32. Ng4+ Ke6 33. Nxe3
Kf6 34. Kd2 a5 35. Rf1+ Rf4 36. Rxf4+ gxf4 37. Nc4 Ke6 38. Nxa5 Kd7 39. Nxb7
Kc7 40. Nc5 Kd6 41. a4 1-0

[Event "5th IT Lukavac 2016"]
[Site "Lukavac"]
[Date "2016.11.25"]
[Round "2.30"]
[White "Mikic, Ivana"]
[Black "Alic, Amir"]
[Result "0-1"]
[WhiteElo "1577"]
[BlackElo "1998"]
[PlyCount "116"]
[EventDate "2016.11.24"]

1. e4 e5 2. Nf3 Nc6 3. Bb5 a6 4. Ba4 Nf6 5. O-O b5 6. Bb3 Be7 7. Re1 d6 8. c3
Na5 9. Bc2 c5 10. d4 Qc7 11. d5 c4 12. h3 O-O 13. Nbd2 Ne8 14. Nf1 Nb7 15. Ng3
g6 16. Bh6 Ng7 17. Qd2 Nc5 18. b4 cxb3 19. axb3 f5 20. b4 Nxe4 21. Nxe4 fxe4
22. Bxe4 Bf5 23. Rac1 Rf7 24. Bxg7 Kxg7 25. Ng5 Bxg5 26. Qxg5 Bxe4 27. Rxe4 Rf5
28. Qd2 a5 29. bxa5 Qxa5 30. Rh4 h5 31. Rb4 Raf8 32. f3 Rf4 33. Rcb1 Rxb4 34.
Rxb4 Rc8 35. Qb2 Rc5 36. Qd2 Qa1+ 37. Kh2 Qxc3 38. Qxc3 Rxc3 39. Rxb5 Rc5 40.
Rb7+ Kf6 41. Kg3 Rxd5 42. Rd7 Rd4 43. Kf2 Rd2+ 44. Kf1 d5 45. g4 hxg4 46. hxg4
d4 47. Rd6+ Kg5 48. Re6 Kf4 49. Ke1 Rd3 50. Rxg6 Kxf3 51. g5 Kf4 52. Re6 Rg3
53. g6 Kf5 54. Re8 Rxg6 55. Ke2 Ke4 56. Kd2 Rg2+ 57. Kc1 Kf4 58. Rf8+ Ke3 0-1

[Event "5th IT Lukavac 2016"]
[Site "Lukavac"]
[Date "2016.11.25"]
[Round "2.31"]
[White "Hodzic, Mujo"]
[Black "Harcin, Amer"]
[Result "0-1"]
[WhiteElo "1441"]
[BlackElo "1952"]
[PlyCount "100"]
[EventDate "2016.11.24"]

1. d4 Nf6 2. c4 g6 3. Nc3 d5 4. e3 Bg7 5. Nf3 O-O 6. cxd5 Nxd5 7. Bc4 Nxc3 8.
bxc3 c5 9. O-O Nc6 10. h3 a6 11. a4 Na5 12. Bd3 Qc7 13. Ba3 Be6 14. Ng5 Bb3 15.
Bc2 Bxc2 16. Qxc2 cxd4 17. exd4 Bxd4 18. Qe4 Bf6 19. Nf3 Nc4 20. Bb4 a5 21. Ba3
Rac8 22. Rfc1 Rfd8 23. h4 Qc6 24. Qe2 Rd7 25. Nd4 Qd5 26. Rd1 Qe5 27. Qg4 e6
28. Re1 Qh5 29. Qxh5 gxh5 30. g3 Nxa3 31. Rxa3 Bxd4 32. Rd1 Rcd8 33. cxd4 Rxd4
34. Rb1 Rd1+ 35. Rxd1 Rxd1+ 36. Kg2 Rd4 37. Rb3 Rb4 38. Ra3 Kg7 39. Kf3 Kf6 40.
Ke3 Ke5 41. f3 b6 42. Kd3 Kd5 43. Kc3 e5 44. Rb3 Rxb3+ 45. Kxb3 Kd4 46. f4 e4
47. Kc2 e3 48. Kd1 Kd3 49. Ke1 e2 50. f5 f6 0-1

[Event "5th IT Lukavac 2016"]
[Site "Lukavac"]
[Date "2016.11.25"]
[Round "2.33"]
[White "Habibovic, Hazim"]
[Black "Pleh, Semir"]
[Result "1-0"]
[WhiteElo "1915"]
[BlackElo "1702"]
[PlyCount "151"]
[EventDate "2016.11.24"]

1. d4 d5 2. c4 e6 3. Nc3 Bb4 4. e3 Nf6 5. Bd2 O-O 6. Nf3 Nbd7 7. c5 c6 8. Bd3
Re8 9. Qc2 e5 10. dxe5 Nxe5 11. Nxe5 Rxe5 12. Ne2 Qa5 13. Bxb4 Qxb4+ 14. Qc3
Qxc3+ 15. bxc3 Ne4 16. f4 Re7 17. Bxe4 Rxe4 18. Kd2 Rc4 19. a4 Rxc5 20. Nd4 Rc4
21. Rhb1 b6 22. a5 b5 23. Rb4 Rxb4 24. cxb4 Bd7 25. Rc1 Rc8 26. Rc5 Kf8 27. Kc3
Ke7 28. Kd3 Kd6 29. Ke2 Re8 30. Kf3 h5 31. h3 g6 32. Rc3 Re4 33. g4 hxg4+ 34.
hxg4 g5 35. f5 Re8 36. Rc1 Rh8 37. Kg3 Rh6 38. Nb3 Be8 39. Nc5 Ke5 40. Rd1 Rd6
41. Rd4 Rh6 42. Kg2 Rh8 43. Nd3+ Kf6 44. Nc5 Rh4 45. Nd3 Ke7 46. Ne1 Kd6 47.
Nf3 Rh8 48. Nxg5 c5 49. Ne4+ Ke5 50. Nxc5 Bc6 51. Nd3+ Kf6 52. Ne1 Re8 53. Kf2
Re4 54. Nf3 Bb7 55. Nd2 Re8 56. Rf4 Rc8 57. Nf3 Rc2+ 58. Kg3 Re2 59. g5+ Kg7
60. Rd4 Rxe3 61. Kf4 Re2 62. f6+ Kg8 63. Nd2 Rf2+ 64. Kg3 Rf5 65. Nf3 Bc8 66.
Rf4 a6 67. Rxf5 Bxf5 68. Kf4 Bc8 69. Ne5 Kf8 70. Ke3 Be6 71. Kd4 Ke8 72. Kc5
Kd8 73. Kd6 Ke8 74. Nc6 Kf8 75. g6 fxg6 76. Kxe6 1-0

[Event "5th IT Lukavac 2016"]
[Site "Lukavac"]
[Date "2016.11.25"]
[Round "2.35"]
[White "Janjic, Nikola"]
[Black "Aydin, Gulenay"]
[Result "0-1"]
[WhiteElo "1873"]
[BlackElo "1416"]
[PlyCount "116"]
[EventDate "2016.11.24"]

1. c4 Nf6 2. Nc3 g6 3. g3 Bg7 4. Bg2 O-O 5. e3 d6 6. Nge2 Nbd7 7. d4 e5 8. O-O
Re8 9. b3 h5 10. h4 e4 11. Qc2 Qe7 12. Bb2 Nf8 13. d5 Bf5 14. Nd4 Bg4 15. Rae1
N8d7 16. b4 Ne5 17. Nxe4 Nxe4 18. Bxe4 Nxc4 19. Qxc4 Qxe4 20. f3 Qe5 21. Kg2
Bd7 22. Re2 Qe7 23. e4 a6 24. Rfe1 Kh7 25. Qc2 Rac8 26. Qd2 Bh6 27. Qc3 Qf8 28.
f4 Bg4 29. Nf3 Bg7 30. Qxg7+ Qxg7 31. Bxg7 Kxg7 32. Rc2 Bxf3+ 33. Kxf3 Re7 34.
e5 Rce8 35. Rce2 Kf8 36. g4 hxg4+ 37. Kxg4 dxe5 38. Rxe5 Rxe5 39. fxe5 Rd8 40.
Rd1 Ke8 41. Kf4 c6 42. d6 Kd7 43. Ke4 Rh8 44. Rh1 Rh5 45. Kf4 Ke6 46. Rd1 Rxh4+
47. Kg5 Rh5+ 48. Kf4 Rf5+ 49. Kg4 Kd7 50. Re1 Rh5 51. a3 Rf5 52. Re4 Rh5 53.
Re3 Rh8 54. Kg5 Ke6 55. Rf3 Rh5+ 56. Kf4 Rxe5 57. Rd3 Rd5 58. Rf3 Rf5+ 0-1

[Event "5th IT Lukavac 2016"]
[Site "Lukavac"]
[Date "2016.11.25"]
[Round "2.36"]
[White "Pozegic, Semso"]
[Black "Ozturk, Nil"]
[Result "1-0"]
[WhiteElo "1873"]
[BlackElo "1314"]
[PlyCount "53"]
[EventDate "2016.11.24"]

1. e4 e5 2. Nf3 Nc6 3. Bc4 Be7 4. Nc3 Nf6 5. O-O O-O 6. d3 d6 7. h3 h6 8. a3
Na5 9. Ba2 a6 10. Nh2 Re8 11. f4 Bf8 12. f5 Nc6 13. Ng4 Nd4 14. Nxf6+ Qxf6 15.
Nd5 Qd8 16. c3 Nb5 17. Qh5 Qd7 18. Qg4 Kh8 19. Bxh6 c6 20. Nb6 Qc7 21. Nxa8 Qd7
22. Nb6 Qc7 23. Nxc8 Rxc8 24. Be3 Qd7 25. Qh5+ Kg8 26. f6 g6 27. Qxg6+ 1-0

[Event "5th IT Lukavac 2016"]
[Site "Lukavac"]
[Date "2016.11.25"]
[Round "3.1"]
[White "Mrndjic, Muamer"]
[Black "Omanovic, Vahidin"]
[Result "1-0"]
[WhiteElo "2257"]
[BlackElo "2002"]
[PlyCount "71"]
[EventDate "2016.11.24"]

1. d4 f5 2. g3 Nf6 3. Bg2 d5 4. Nh3 c5 5. c3 Nc6 6. O-O cxd4 7. cxd4 Qb6 8. e3
e6 9. Nc3 Bd6 10. Na4 Qd8 11. Bd2 b6 12. Rc1 Bd7 13. Nc3 Rc8 14. Ne2 O-O 15.
Nef4 Ne4 16. f3 Nxd2 17. Qxd2 Na5 18. b3 Ba3 19. Rxc8 Qxc8 20. e4 fxe4 21. fxe4
dxe4 22. Ng5 Bb5 23. Bxe4 g6 24. Rd1 Rf6 25. Ngxe6 Nb7 26. Bd5 Kh8 27. Ng5 Nd6
28. Re1 Qg4 29. Nf3 g5 30. Ne5 Qf5 31. Nh5 Rf8 32. g4 Bb4 33. Qe3 Qc2 34. Nd3
Re8 35. Qxg5 Rxe1+ 36. Nxe1 1-0

[Event "5th IT Lukavac 2016"]
[Site "Lukavac"]
[Date "2016.11.25"]
[Round "3.2"]
[White "Prskalo, Vladislav"]
[Black "Hadzipasic, Emir"]
[Result "0-1"]
[WhiteElo "1980"]
[BlackElo "2074"]
[PlyCount "98"]
[EventDate "2016.11.24"]

1. e4 e5 2. Nf3 Nc6 3. Bb5 g6 4. d3 Bg7 5. Nc3 Nge7 6. a3 O-O 7. O-O d6 8. h3
h6 9. Nh2 Be6 10. Ng4 Kh7 11. f4 f5 12. exf5 gxf5 13. Bxc6 Nxc6 14. Nh2 Qe8 15.
Bd2 Qg6 16. Nf3 Bf6 17. Qe2 Rae8 18. Kh1 Rg8 19. Qf2 e4 20. dxe4 fxe4 21. Ne1
Bc4 22. Rg1 Qh5 23. Kh2 d5 24. g4 Qf7 25. Qg2 e3 26. Bc1 Bxc3 27. bxc3 Qxf4+
28. Qg3 Rgf8 29. Qxf4 Rxf4 30. Kg3 Rfe4 31. Ng2 d4 32. Re1 dxc3 33. Rxe3 Nd4
34. Rxe4 Rxe4 35. Rb1 b5 36. Ne3 Ba2 37. Ra1 Be6 38. Rb1 a5 39. Nd1 b4 40. Nf2
Re1 41. Nd3 Re2 42. axb4 a4 43. Ra1 Rxc2 44. Rxa4 Ne2+ 45. Kf3 Nxc1 46. Nf4 Ra2
47. Ra5 Rxa5 48. bxa5 Bc4 49. Ke3 Nb3 0-1

[Event "5th IT Lukavac 2016"]
[Site "Lukavac"]
[Date "2016.11.25"]
[Round "3.3"]
[White "Jovovic, Milan"]
[Black "Avdic, Adnan A"]
[Result "0-1"]
[WhiteElo "1974"]
[BlackElo "2030"]
[PlyCount "130"]
[EventDate "2016.11.24"]

1. d4 Nf6 2. c4 e6 3. Nc3 Bb4 4. Qc2 d6 5. Nf3 Nbd7 6. a3 Bxc3+ 7. Qxc3 Ne4 8.
Qc2 f5 9. e3 b6 10. b4 O-O 11. Bb2 Bb7 12. Rd1 g5 13. c5 Bd5 14. Bc4 Bxc4 15.
Qxc4 d5 16. Qc2 g4 17. Ng1 a5 18. c6 Ndf6 19. Ne2 axb4 20. axb4 Qd6 21. O-O
Qxb4 22. Nf4 Ra2 23. Nd3 Qa4 24. Qb1 Qa5 25. Qc2 Qb5 26. Rb1 Qc4 27. Rfc1 Qxc2
28. Rxc2 Rfa8 29. f3 Nd6 30. Ne5 R8a4 31. Rbc1 b5 32. Kf2 Nc4 33. Nd3 Kf7 34.
Rb1 Na3 35. Rbc1 Nxc2 36. Rxc2 Ke7 37. h3 Rc4 38. Re2 Rxc6 39. Nb4 Rca6 40.
Nxa6 Rxa6 41. Rc2 Kd7 42. hxg4 fxg4 43. Kg3 gxf3 44. gxf3 Ra2 45. Kf4 Kd6 46.
Rh2 b4 47. e4 Nd7 48. e5+ Kc6 49. Rc2+ Kb6 50. Rh2 b3 51. Ke3 c5 52. Kd3 cxd4
53. Bxd4+ Nc5+ 54. Bxc5+ Kxc5 55. Rxh7 Rf2 56. Ke3 Rc2 57. Kd3 Rc4 58. Rb7 Rb4
59. Rc7+ Kb6 60. Rc1 b2 61. Rb1 Kc5 62. f4 d4 63. Ke4 Kc4 64. f5 exf5+ 65. Kxf5
Kc3 0-1

[Event "5th IT Lukavac 2016"]
[Site "Lukavac"]
[Date "2016.11.25"]
[Round "3.4"]
[White "Kozarcanin, Sead"]
[Black "Mujacic, Haris"]
[Result "1-0"]
[WhiteElo "2030"]
[BlackElo "1947"]
[PlyCount "99"]
[EventDate "2016.11.24"]

1. Nf3 d5 2. d3 Nf6 3. Nbd2 e6 4. e4 Nc6 5. g3 Bc5 6. Bg2 dxe4 7. dxe4 e5 8.
O-O O-O 9. h3 Qe7 10. c3 a5 11. Qc2 a4 12. Rd1 h6 13. Nc4 b5 14. Ne3 Bxe3 15.
Bxe3 Na5 16. b4 axb3 17. axb3 Be6 18. Rdb1 Nd7 19. Nh4 c5 20. Nf5 Qd8 21. Bf1
c4 22. bxc4 bxc4 23. Rd1 Qc7 24. Ne7+ Kh8 25. Nd5 Qc6 26. Ra4 Nc5 27. Bxc5 Qxc5
28. Rda1 Bd7 29. Rb4 f5 30. Nb6 Rad8 31. Nxd7 Rxd7 32. exf5 Rfd8 33. Ra2 Rd2
34. Qxd2 Rxd2 35. Rxd2 e4 36. Re2 Nc6 37. Ra4 Ne5 38. Bg2 Nf3+ 39. Bxf3 exf3
40. Re8+ Kh7 41. g4 Qd5 42. Ra1 h5 43. Re3 Kh6 44. Kh1 Kg5 45. Rg1 h4 46. Rge1
Kf4 47. Re4+ Kg5 48. Rd4 Qb7 49. Re6 Qb1+ 50. Kh2 1-0

[Event "5th IT Lukavac 2016"]
[Site "Lukavac"]
[Date "2016.11.25"]
[Round "3.5"]
[White "Ahmic, Nesim"]
[Black "Lipovcic, Marko"]
[Result "1-0"]
[WhiteElo "2006"]
[BlackElo "1325"]
[PlyCount "121"]
[EventDate "2016.11.24"]

1. d4 d5 2. c3 Nf6 3. Bf4 Bf5 4. e3 e6 5. Bd3 Bg6 6. Qe2 Bd6 7. Bg3 O-O 8. Bxg6
hxg6 9. Nd2 c5 10. Ngf3 Nc6 11. Bh4 Qc7 12. Bg3 c4 13. O-O b5 14. a3 a5 15. Ng5
Bxg3 16. hxg3 b4 17. e4 bxc3 18. bxc3 Nh7 19. Ndf3 Qe7 20. Nxh7 Kxh7 21. Rfe1
Qf6 22. e5 Qe7 23. Qe3 Rh8 24. Reb1 f6 25. Rb6 Rhc8 26. exf6 gxf6 27. Re1 Nd8
28. g4 g5 29. g3 Qxa3 30. Nxg5+ fxg5 31. Qxg5 Qf8 32. Rbxe6 Nxe6 33. Rxe6 Ra7
34. Rf6 a4 35. Qf5+ Kg8 36. Rxf8+ Rxf8 37. Qg6+ Rg7 38. Qe6+ Rff7 39. Qxd5 a3
40. Qa8+ Kh7 41. Qxa3 Rb7 42. Qc5 Rgc7 43. Qf5+ Kg7 44. g5 Rf7 45. Qd5 Rb1+ 46.
Kg2 Rb2 47. Qxc4 Rbxf2+ 48. Kh3 Kg6 49. Kg4 Kg7 50. Qd5 Re2 51. c4 Ree7 52. c5
Rd7 53. Qe5+ Kf8 54. c6 Rc7 55. d5 Rfe7 56. Qh8+ Kf7 57. d6 Re4+ 58. Kf3 Rxc6
59. Qf6+ Ke8 60. Kxe4 Rc4+ 61. Kd5 1-0

[Event "5th IT Lukavac 2016"]
[Site "Lukavac"]
[Date "2016.11.25"]
[Round "3.6"]
[White "Trkulja, Goran"]
[Black "Kasumovic, Muhidin"]
[Result "1-0"]
[WhiteElo "2301"]
[BlackElo "2044"]
[PlyCount "109"]
[EventDate "2016.11.24"]

1. e4 e5 2. Nf3 Nc6 3. d4 exd4 4. Nxd4 Bc5 5. Nb3 Bb6 6. Nc3 Qf6 7. Qd2 Nge7 8.
Qf4 Qxf4 9. Bxf4 d6 10. Nd2 O-O 11. Nc4 Ng6 12. Nxb6 axb6 13. Be3 Nb4 14. Kd2
Be6 15. a3 c5 16. Be2 Nc6 17. f4 Nge7 18. f5 Bd7 19. Nb5 d5 20. f6 gxf6 21. Nc7
Rac8 22. Nxd5 Nxd5 23. exd5 Ne5 24. c4 Rfe8 25. Rhf1 Kg7 26. Bf4 Re7 27. h3
Rce8 28. Rf2 Bf5 29. Bxe5 Rxe5 30. a4 Bd7 31. Ra3 f5 32. Rg3+ Kf6 33. b3 h6 34.
Rgf3 h5 35. Rf4 Kg5 36. h4+ Kg6 37. Bd3 f6 38. g4 hxg4 39. Rxg4+ Kf7 40. Rgf4
Rh8 41. Rh2 Rh5 42. Be2 Rh6 43. h5 Re4 44. Rhh4 Re5 45. Rf2 Re4 46. Rfh2 Ke7
47. Rxe4+ fxe4 48. Ke3 f5 49. Kf4 Kf6 50. Rg2 Be8 51. Rg5 Bd7 52. Bf1 Kf7 53.
Bh3 Kf6 54. Bxf5 Be8 55. Bg4 1-0

[Event "5th IT Lukavac 2016"]
[Site "Lukavac"]
[Date "2016.11.25"]
[Round "3.7"]
[White "Zupcevic, Nedim"]
[Black "Vajic, Goran"]
[Result "0-1"]
[WhiteElo "2080"]
[BlackElo "2295"]
[PlyCount "76"]
[EventDate "2016.11.24"]

1. d4 Nf6 2. Nf3 d5 3. g3 Bf5 4. Bg2 e6 5. c4 c6 6. O-O Be7 7. Nc3 O-O 8. cxd5
cxd5 9. Qb3 Qb6 10. Qxb6 axb6 11. Ne5 Nc6 12. Nxc6 bxc6 13. Bg5 h6 14. Bxf6
Bxf6 15. Rfd1 c5 16. e3 Ra5 17. Rd2 Rc8 18. Bf1 c4 19. Re1 b5 20. a3 Rd8 21.
Bg2 Kf8 22. h3 Bd3 23. Bf3 Be7 24. Na2 Ra6 25. Kg2 Rb6 26. Nb4 Bxb4 27. axb4
Ra6 28. b3 Ra3 29. bxc4 bxc4 30. e4 Rb3 31. exd5 exd5 32. Re5 Rxb4 33. Rxd5
Rxd5 34. Bxd5 Bg6 35. Re2 c3 36. Bc6 f6 37. Be4 Bxe4+ 38. Rxe4 c2 0-1

[Event "5th IT Lukavac 2016"]
[Site "Lukavac"]
[Date "2016.11.25"]
[Round "3.8"]
[White "Markovic, Dino"]
[Black "Rosic, Slavko S"]
[Result "1-0"]
[WhiteElo "2065"]
[BlackElo "2255"]
[PlyCount "83"]
[EventDate "2016.11.24"]

1. d4 d6 2. c4 g6 3. Nc3 Bg7 4. e4 Nf6 5. f3 Nbd7 6. Be3 c6 7. Nge2 a6 8. a4
O-O 9. Qd2 Qa5 10. Rd1 Qb4 11. Nc1 Qa5 12. Be2 Qc7 13. O-O e5 14. Rfe1 Nh5 15.
Bf1 f5 16. dxe5 dxe5 17. exf5 gxf5 18. N1e2 Re8 19. Ng3 Nxg3 20. hxg3 Nf6 21.
Bh6 a5 22. Qg5 Kh8 23. Bd3 Bxh6 24. Qxh6 Qg7 25. Qxg7+ Kxg7 26. Re3 Nh5 27.
Rde1 Nxg3 28. Rxe5 Rxe5 29. Rxe5 Kf7 30. Kf2 Nh5 31. Bxf5 Bxf5 32. Rxf5+ Kg6
33. g4 Ng7 34. Rf4 Ne6 35. Re4 Nc5 36. Re2 Rd8 37. Ne4 Nxa4 38. b3 Nb6 39. Nc5
a4 40. bxa4 Nxc4 41. Nxb7 Kf6 42. Nxd8 1-0

[Event "5th IT Lukavac 2016"]
[Site "Lukavac"]
[Date "2016.11.25"]
[Round "3.9"]
[White "Sitnic, Adnan"]
[Black "Kaplan, Ebru"]
[Result "1-0"]
[WhiteElo "2247"]
[BlackElo "1954"]
[PlyCount "105"]
[EventDate "2016.11.24"]

1. e4 c5 2. f4 d5 3. exd5 Qxd5 4. Nc3 Qd8 5. Nf3 Nd7 6. Ne5 e6 7. Qf3 Be7 8.
Bb5 Ngf6 9. Nxd7 Nxd7 10. b3 O-O 11. Bb2 Qc7 12. O-O-O a6 13. Bd3 b5 14. Qh3 f5
15. g4 c4 16. Be2 cxb3 17. axb3 b4 18. Na4 Bf6 19. Bc4 Bxb2+ 20. Kxb2 Nc5 21.
Nxc5 Qxc5 22. d4 Qa5 23. Rhe1 Qa3+ 24. Kb1 a5 25. Qe3 Bb7 26. Qd2 a4 27. Qc1
axb3 28. Qxa3 bxc2+ 29. Kxc2 Rxa3 30. Bxe6+ Kh8 31. gxf5 g6 32. d5 gxf5 33. Rd4
Ra2+ 34. Kb3 Rxh2 35. Rxb4 Ba8 36. Kc4 Rc2+ 37. Kd4 Rd8 38. Re5 Rf2 39. Rxf5
Re2 40. Kc5 Rc2+ 41. Rc4 Rb2 42. d6 Bf3 43. Rf7 Be2 44. d7 Bxc4 45. Kxc4 Re2
46. Kd5 Rd2+ 47. Ke5 Re2+ 48. Kf6 Rb2 49. Re7 Rbb8 50. Ke5 h5 51. Kf6 Rf8+ 52.
Kg6 Rg8+ 53. Kh6 1-0

[Event "5th IT Lukavac 2016"]
[Site "Lukavac"]
[Date "2016.11.25"]
[Round "3.10"]
[White "Salkic, Mahir"]
[Black "Muhibic, Cazim"]
[Result "1/2-1/2"]
[WhiteElo "2151"]
[BlackElo "1931"]
[PlyCount "68"]
[EventDate "2016.11.24"]

1. d4 Nf6 2. Nf3 g6 3. c4 Bg7 4. Nc3 d5 5. e3 O-O 6. b3 c5 7. Bb2 Qa5 8. Qd2
cxd4 9. exd4 Nc6 10. Be2 Bf5 11. O-O Rac8 12. Rfd1 Rfd8 13. c5 Qc7 14. b4 Ne4
15. Qc1 Nxb4 16. Nb5 Qb8 17. Nh4 Bd7 18. a3 Nc6 19. f3 Nf6 20. g4 a6 21. Nc3
Be8 22. Qe3 e5 23. dxe5 Qxe5 24. Qxe5 Nxe5 25. g5 Nh5 26. Nxd5 Kf8 27. Bc3 Bc6
28. Nf6 Nxf6 29. Bxe5 Nd5 30. Bxg7+ Kxg7 31. Rac1 Ne3 32. Rxd8 Rxd8 33. Kf2 Nd5
34. Ng2 Ne7 1/2-1/2

[Event "5th IT Lukavac 2016"]
[Site "Lukavac"]
[Date "2016.11.25"]
[Round "3.11"]
[White "Selimovic, Mahir"]
[Black "Obuca, Bajro"]
[Result "1/2-1/2"]
[WhiteElo "1930"]
[BlackElo "2114"]
[PlyCount "116"]
[EventDate "2016.11.24"]

1. e4 e5 2. Nc3 Nc6 3. Nf3 Nf6 4. Bc4 Bc5 5. d3 h6 6. h3 d6 7. Bb5 O-O 8. O-O
Ne7 9. Na4 Bb6 10. Nxb6 axb6 11. Bc4 Ng6 12. Nh2 d5 13. exd5 Nxd5 14. Qh5 c6
15. Ng4 Re8 16. Re1 Bxg4 17. Qxg4 Qd6 18. Bd2 Rad8 19. Re2 Ngf4 20. Bxf4 Nxf4
21. Re3 b5 22. Bb3 Qf6 23. Rae1 Rd4 24. Re4 h5 25. Qf3 Rxe4 26. Rxe4 g6 27. d4
Qf5 28. dxe5 Nxh3+ 29. Kf1 Qxf3 30. gxf3 Ng5 31. Re3 Kg7 32. Kg2 Re7 33. c3 Kf8
34. f4 Nh7 35. Kg3 Kg7 36. Kh4 Nf8 37. Bc2 Rd7 38. Rd3 Rxd3 39. Bxd3 Ne6 40. f5
g5+ 41. Kg3 Nf4 42. f6+ Kh6 43. Bf5 Ng6 44. e6 fxe6 45. Bxe6 Ne5 46. f4 h4+ 47.
Kh3 gxf4 48. Kxh4 Kg6 49. f7 Kg7 50. b3 Nd3 51. Kg4 Nc1 52. Kxf4 Nxa2 53. Ke5
Nxc3 54. Kd6 Kf8 55. Kc7 c5 56. Kb6 c4 57. bxc4 bxc4 58. Kxb7 Ne4 1/2-1/2

[Event "5th IT Lukavac 2016"]
[Site "Lukavac"]
[Date "2016.11.25"]
[Round "3.12"]
[White "Barisic, Predrag"]
[Black "Coric, Ahmed"]
[Result "1-0"]
[WhiteElo "1954"]
[BlackElo "2081"]
[PlyCount "103"]
[EventDate "2016.11.24"]

1. d4 Nf6 2. Nf3 g6 3. g3 Bg7 4. Bg2 O-O 5. O-O d5 6. c3 Nbd7 7. Bg5 Ne4 8. Bf4
c5 9. Nbd2 Qb6 10. Rb1 Ndf6 11. dxc5 Nxc5 12. Be3 Qc7 13. Nb3 Nxb3 14. Qxb3 e5
15. Rbd1 h6 16. h3 Be6 17. Qb4 Rfe8 18. Qh4 e4 19. Nd4 g5 20. Bxg5 hxg5 21.
Qxg5 Bd7 22. g4 Qe5 23. Qe3 Rad8 24. f4 exf3 25. Qxe5 Rxe5 26. exf3 Bc6 27. h4
Bf8 28. f4 Ree8 29. Bf3 Bc5 30. Kg2 Bxd4 31. Rxd4 Rc8 32. h5 Re7 33. g5 Ne4 34.
Rc1 b5 35. Re1 Rce8 36. Rg1 Bb7 37. Rgd1 Kg7 38. a4 Nd6 39. axb5 Nf5 40. R1d3
Nxd4 41. Rxd4 Re2+ 42. Bxe2 Rxe2+ 43. Kg3 Rxb2 44. Ra4 Rxb5 45. Rxa7 Rb3 46.
Kg4 Bc8+ 47. f5 Rxc3 48. g6 Kg8 49. Rxf7 d4 50. h6 Rc5 51. h7+ Kh8 52. Rf8+ 1-0

[Event "5th IT Lukavac 2016"]
[Site "Lukavac"]
[Date "2016.11.25"]
[Round "3.13"]
[White "Trumic, Enes"]
[Black "Basic, Enver"]
[Result "1-0"]
[WhiteElo "2278"]
[BlackElo "1869"]
[PlyCount "45"]
[EventDate "2016.11.24"]

1. d4 d5 2. c4 e6 3. Nc3 Nf6 4. Bg5 c6 5. Nf3 Nbd7 6. e3 Qa5 7. Nd2 Bb4 8. Qc2
h5 9. h4 c5 10. Be2 cxd4 11. exd4 a6 12. c5 b6 13. c6 Nb8 14. a4 Ne4 15. Ncxe4
dxe4 16. Qxe4 Ra7 17. Bf3 Rc7 18. Qe2 Bd6 19. O-O f6 20. Nc4 Qb4 21. Bd2 Nxc6
22. Bxb4 Bxb4 23. Nxb6 1-0

[Event "5th IT Lukavac 2016"]
[Site "Lukavac"]
[Date "2016.11.25"]
[Round "3.14"]
[White "Huremovic, Elmedin"]
[Black "Buljubasic, Sabahudin"]
[Result "0-1"]
[WhiteElo "1899"]
[BlackElo "2361"]
[PlyCount "52"]
[EventDate "2016.11.24"]

1. e4 c5 2. Nf3 e6 3. d4 cxd4 4. Nxd4 a6 5. Nc3 Qc7 6. g3 Nf6 7. Bg2 d6 8. O-O
Nbd7 9. Be3 Be7 10. Qd2 Ne5 11. Nce2 O-O 12. b3 b5 13. f4 Nfg4 14. fxe5 dxe5
15. Nxb5 axb5 16. Kh1 Rd8 17. Bd4 exd4 18. Rf4 e5 19. Rf3 Ne3 20. c3 Bg4 21.
Rf2 Nxg2 22. Kxg2 Bxe2 23. Qxe2 dxc3 24. Qxb5 Rd2 25. Rxd2 cxd2 26. Qe2 Qc1 0-1

[Event "5th IT Lukavac 2016"]
[Site "Lukavac"]
[Date "2016.11.25"]
[Round "3.15"]
[White "Gavranovic, Tahir"]
[Black "Obad, Andrija"]
[Result "0-1"]
[WhiteElo "1875"]
[BlackElo "2260"]
[PlyCount "56"]
[EventDate "2016.11.24"]

1. b3 d5 2. Bb2 Bg4 3. Nf3 Nd7 4. e3 Ngf6 5. Be2 e6 6. Ne5 Nxe5 7. Bxe5 Bf5 8.
Nc3 Bd6 9. Bxd6 Qxd6 10. O-O a6 11. Bf3 O-O-O 12. d3 Qe5 13. d4 Qd6 14. Na4 h5
15. g3 Rh6 16. c4 c6 17. cxd5 exd5 18. Rc1 Kb8 19. Qd2 h4 20. Nc5 Qc7 21. Rc3
Rdh8 22. Rfc1 hxg3 23. hxg3 Ne4 24. Nxe4 Bxe4 25. Bxe4 dxe4 26. Kg2 Rh2+ 27.
Kf1 Qxg3 28. Qe1 Qf3 0-1

[Event "5th IT Lukavac 2016"]
[Site "Lukavac"]
[Date "2016.11.25"]
[Round "3.16"]
[White "Softic, Kasim"]
[Black "Budimir, Boris"]
[Result "0-1"]
[WhiteElo "1871"]
[BlackElo "2245"]
[PlyCount "72"]
[EventDate "2016.11.24"]

1. e4 c5 2. Nf3 Nc6 3. d4 cxd4 4. Nxd4 Nf6 5. Nc3 d6 6. Be2 e6 7. Be3 Be7 8. a3
a6 9. Qd2 O-O 10. O-O Qc7 11. f4 Bd7 12. Kh1 Rac8 13. Rac1 Na5 14. Rfe1 Rfd8
15. h3 d5 16. e5 Ne8 17. Nb1 Nc4 18. Bxc4 dxc4 19. Nc3 b5 20. Ne4 Bc6 21. Nf2
Qb7 22. Rg1 c3 23. bxc3 Bxa3 24. Rb1 Bd5 25. Nd3 Bc4 26. Kh2 Bf8 27. g4 Nc7 28.
Nf2 Nd5 29. Nd1 Qc7 30. Rg3 Qa5 31. Qe1 Qa2 32. Nb2 Nxc3 33. Qxc3 Qxb1 34. Rg1
Bf1 35. Qb3 Rxd4 36. Bxd4 Rxc2+ 0-1

[Event "5th IT Lukavac 2016"]
[Site "Lukavac"]
[Date "2016.11.25"]
[Round "3.17"]
[White "Lapo, Safet"]
[Black "Aleksic, Neven"]
[Result "0-1"]
[WhiteElo "1799"]
[BlackElo "2131"]
[PlyCount "80"]
[EventDate "2016.11.24"]

1. d4 Nf6 2. Bf4 e6 3. Nf3 d5 4. Nbd2 c5 5. c3 Nc6 6. e3 Bd6 7. Bxd6 Qxd6 8. g3
O-O 9. Bg2 e5 10. dxe5 Nxe5 11. Qc2 Be6 12. Nxe5 Qxe5 13. Nf3 Qh5 14. O-O Rad8
15. Qa4 a6 16. Qf4 Ne4 17. Qe5 Qh6 18. h4 Rfe8 19. Qc7 Rd7 20. Qb6 Qh5 21. Nh2
h6 22. Bf3 Qe5 23. Bg2 Bf5 24. g4 Re6 25. Qa5 Bh7 26. Nf3 Qd6 27. Rad1 Qe7 28.
Bh3 Rf6 29. Nh2 Nxf2 30. Rxf2 Qxe3 31. Rdf1 Rxf2 32. Rxf2 Qxh3 33. Qxc5 Qxh4
34. Qc8+ Qd8 35. Qc5 Be4 36. Qd4 Qh4 37. Qe5 Re7 38. Qb8+ Kh7 39. Qf4 Re6 40.
Qxf7 Qg3+ 0-1